000 00699nam a22002177a 4500
003 UA-OsUOA
001 127898
007 ta
008 20171218b un ||||| |||| 00| 0 ukr d
100 _aСюндюков І.
090 _a94(477)
_bС98
942 _cSA
040 _aUA-OsUOA
_bukr
_cUA-OsUOA
_dUA-OsUOA
245 _aЗрікся влади, але не гетьманату. Українська держава Скоропадського і нереалізована альтернатива. Які уроки?
300 _aС.7-8
955 _a0
041 _aukr
080 _a94(477)
773 0 _w127897
650 7 _a9 Географія. Біографії. Історія
_2UDC
999 _c415088
_d415088